000
00227nam a22001097a 4500
020
_a
1-9043-5126
082
_a
823
_b
JEA/G
245
_a
GO TO HOSPITAL
260
_a
UK
_b
LADYBIRD
650
_a
ENGLISH SHORT STORY
_z
UK
942
_c
BK
999
_c
4127
_d
4127